LEADER 01378nam a2200313 a 4500 001 000000128184 003 CaOOAMICUS 005 20120323143602.0 008 120323s2011 nyu u000 u eng r 020 $a978-0-19-960472-2 040 $aPUL$bita 082 04$a261.7 100 1 $aBackhouse, Stephen.$0(OLS)http://pul/name/81894 245 10$aKierkegaard's critique of Christian nationalism /$cStephen Backhouse. 260 $aNew York :$bOxford University Press,$c©2011. 300 $axv, 247 p. ;$c24 cm 490 1 $aOxford theological monographs 500 $aInclude riferimenti bibliografici ed indice. 600 14$aKierkegaard, Søren,$d1813-1855$xCritica e interpretazione.$0(OLS)http://pul/subject/5001 650 4$aNazionalismo e Chiesa cattolica.$0(OLS)http://pul/subject/7086 830 0$aOxford theological monographs.$0(OLS)http://pul/title/16958 850 $aPUL 852 $aPUL$W1$xSL Religione 3$y85$m261. 7 BACST 1$j148370$qDDC 21$B146964$CPULBib$Z2$F146964 $H119090 $82 941 1 $a9 996 $6020$a978-0-19-960472-2$9(OLS)http://pul/number/149311 996 $6082$a261.7$9(OLS)http://pul/classification/578 996 $6245$aKierkegaard's critique of Christian nationalism$9(OLS)http://pul/title/161973 996 $6260$aNew York :$bOxford University Press$9(OLS)http://pul/publisher/50683 LEADER 01089nam a2200265 a 4500 001 000000170065 003 CaOOAMICUS 005 20181022112819.0 008 181022s1980 it u000 u ita r 032 $aLibriCat 040 $aPUL$bita 082 04$a226.4 100 1 $aMartini, Carlo Maria,$ccardinale, arcivescovo di Milano,$d1927-2012.$0(OLS)http://pul/name/6653 245 12$aL'evangelizzatore in san Luca :$bmeditazioni /$cCarlo Maria Martini. 260 $aMilano :$bÀncora,$c1980. 300 $a189 p. ;$c19 cm. 630 04$aBiblia.$pN.T.$pLucas.$0(OLS)http://pul/subject/37878 650 4$aSpiritualità$xMeditazioni.$0(OLS)http://pul/subject/28081 850 $aPUL 852 $aPUL$W1$xDP2 Religione 3$y114$m226. 4 MARCA 1$j192972$qDDC 21$B198276$CPULBib$Z2$F198276 $H131421 $81 941 1 $a9 996 $6082$a226.4$9(OLS)http://pul/classification/548 996 $6245$aL'evangelizzatore in san Luca :$bmeditazioni$9(OLS)http://pul/title/210765 996 $6260$aMilano :$bÀncora$9(OLS)http://pul/publisher/53070